[Event "Sao Jose do Rio Preto"]
[Site "CXC"]
[Date "2002.01.26"]
[Round "5"]
[White "Caldeira, Adriano"]
[Black "Disconzi da Silva, Rodrigo"]
[Result "1-0"]
[WhiteElo "2287"]
[BlackElo "2415"]
[EventDate "2002.??.??"]
[PlyCount "89"]

1. e4 c5 2. Nf3 d6 3. d4 cxd4 4. Nxd4 Nf6 5. Nc3 Nc6 6. Be2 e6 7. O-O Be7
8. Kh1 O-O 9. f4 Bd7 {Com ideia de Cxd4 e Bc6, seguido da liberacao d5.}
10. Nb3 a6 (
{Nas aberturas em geral, e muito importante notar as pequenas diferencas que cada variante proporciona. Neste caso, as brancas ainda nao jogaram Be3, o que pode favorecer planos de ataque com g4-g5, f5-f6, tentando utilizar o Bc1 somente quando necessario. E tambem o Be3 deixa de ser alvo de ataques em muitas variantes taticas. Ja as pretas nao jogaram ainda a6 e Dc7. Uma alternativa interessante de tomar a iniciativa era:} 
10... a5 11. a4 e5 12. Bf3 Nb4 13. Nb5 Bc6
{Prressionando e4 e possibilitando d5.}) 11. a4
{Neste momento as brancas tem a ameaca posicional a5, que apesar de nao ser decisiva, aparenta ser incomoda.}
11... Na5 ({A variante critica parecia ser} 11... b6 12. Bf3 Qc7 13. g4 Bc8
14. g5 Nd7 15. Bg2 Bb7 16. f5 Nde5 17. f6 Bd8 18. fxg7 Kxg7 19. Qh5 Rg8
{mas nao quis embacar nela devido ao estilo do meu adversario.}) 12. e5 Ne8
13. Nxa5 (13. Nd4 Qc7 14. Nf3 Rd8 15. Bd3 Bc6 16. Qe2 g6 17. Ne4 Bxe4 18. Qxe4
Ng7 19. Bd2 Nc6 20. Bc3 d5 {Torre,E-Dzindzichashvili,R/New York 1989})
13... Qxa5 14. Bd3
{As brancas em vantagem, nao devido a possibilidades concretas de ataques de mate, mas sim pela vantagem de espaco.}
14... Bc6 15. Qe1 g6 {Debilita o flanco Rei, mas proporciona uma rota ao Ce8.}
16. Bd2 (16. b4 {!?} 16... Qc7 17. Bb2 dxe5 18. b5 axb5 19. axb5 Rxa1 20. Bxa1
e4 21. Nxe4 Bxe4 22. Qxe4) 16... Qc7 17. Ne4
{Sacrificando sem necessidade, na minha opiniao. As brancas poderiam seguir com leve vantagem, agora a posicao complica, mas sao as brancas que precisam justificar o peao a menos.}
17... dxe5 18. fxe5 Qxe5 19. Bc3 Qc7 20. Qe3 Rd8 21. Nf2 Bf6 22. Bb4 Be7
23. Bc3 Bf6 24. Bb4 Bd4 25. Qh3 Rd5 {Arriscado, era mais simples Cd6.} 26. Be2 (
26. Bxf8 Rh5 27. Qxh5 gxh5 28. Ba3 Nf6) 26... Nd6 (
{Muitas variantes surgem neste momento e gasto muito tempo analisando-as:} 
26... Bc5 27. Bc3 Rg5 28. Ng4 h5 29. b4 (29. Qh4 Qe7 30. Bf6 (30. h3 Bxg2+)
30... Rxg4 31. Bxg4 Nxf6 32. Rxf6 hxg4 {ganhando}) 29... Bd6 30. Rf2 f5 31. Ne3
Bg3 32. Rff1 Bf4 {com iniciativa}) (26... Rg5 {?} 27. Ng4) (26... Bxb2 27. Rab1
Bg7 28. Bxf8 Bxf8 {Com vantagem preta}) 27. Ng4 f5 {?} (
{Era hora de arrumar a casa com} 27... Bg7 28. Nh6+ (28. Nf6+ Bxf6 29. Rxf6 Rd8
30. Raf1 Nf5) 28... Kh8 29. c4 (29. Bc3 e5) 29... Rg5 30. Ng4 Rd8) 28. c4 fxg4
{??} (28... Ra5 29. Bxa5 Qxa5 {e as pretas tem bom jogo.}) 29. Rxf8+ Kxf8
30. Qh6+ Ke8 (30... Bg7 31. Qf4+ Ke7 32. cxd5 Bxd5 33. Rc1 Bc6 34. Rd1 Bd5
35. Bc4) (30... Qg7 31. Qxg7+ Kxg7 32. cxd5 Ne4 33. dxc6 Nf2+ 34. Kg1 Nd1+
35. Kf1 Ne3+ 36. Ke1 Nc2+ 37. Kd2 Nxa1 38. c7) (30... Kg8 31. cxd5 Bxd5 32. Rc1
Bc6 33. Bxg4 Qe7 34. Rf1 Bd5 35. Bxe6+ Bxe6 36. Qf4 Bxb2 37. Bxd6) 31. cxd5
Bxd5 32. Rc1 Qb6 33. Bxd6 Qxd6 34. Bxg4 ({Minha ultima esperanca era:} 34. Qxh7
{??} 34... Bxg2+ 35. Kxg2 Qd5+ 36. Kg3 Qe5+ 37. Kxg4 Qxe2+ 38. Kg5 Qg2+ 39. Kh6
Qh3+ 40. Kxg6 Qg4+ 41. Kh6 Be3#) 34... Bxb2 (34... Bc5 {!?} 35. Qd2 (35. Qxh7
{?} 35... Bxg2+)) 35. Rc8+ (35. Rc2 {?} 35... Qb4) 35... Kd7 36. Rc2 Qe5
37. Qxh7+ Qg7 38. Qh3 (38. Qxg7+ Bxg7 39. Bf3 {leve vantagem branca}) 38... Be5
39. Qd3 Kd6 40. Qa3+ Kd7 41. Qc5 Ke8 42. Re2 Bd6 {?} ({resistia} 42... Qf6
43. Rf2 Bf4 44. Rf1 Qg5 45. Qc8+ Ke7 46. Bh3 Qh5 47. Qc3 Be5) 43. Qc8+ Ke7
44. Rxe6+ Bxe6 45. Qxe6+ 1-0

[Event "Sao Jose do Rio Preto"]
[Site "CXC"]
[Date "2002.01.28"]
[Round "4"]
[White "Disconzi da Silva, Rodrigo"]
[Black "Segal, Alexandru"]
[Result "1/2-1/2"]
[WhiteElo "2415"]
[BlackElo "2314"]
[EventDate "2002.??.??"]
[PlyCount "69"]

1. Nf3 Nf6 2. d4 g6 3. c4 c6 4. Nc3 d5 5. cxd5
{Contra a Eslava Grunfeld, esta captura garante uma duradoura vantagem as brancas, devido ao fato de que a luta se desenvolvera no flanco dama e o Bg7 nao ajuda muito neste lado.}
5... cxd5 (5... Nxd5 6. e4 {e o lance Pc6 nao foi util.}) 6. Bf4 a6
{Desnecessa rio, pois debilita b6 gratuitamente e em alguns casos ate a6 fica fraco.} (
6... Bg7 7. Bxb8 Rxb8 8. Qa4+ Bd7 9. Qxa7) ({Poderia jogar sem medo} 6... Nc6
7. e3 (7. Nb5 Qa5+) 7... Bg7 8. Be2 O-O 9. O-O Nh5 10. Be5 f6 11. Bg3 Nxg3
12. hxg3 Be6 13. Qb3 Na5 14. Qb4 Bf7 15. Rfd1 e6 16. e4
{Tal,M-Bronstein,D/Moscow 1957}) 7. e3 Bg7 8. Be2 (
{Outro plano interessante era ceder a casa e2 para a dama :} 8. Bd3 O-O 9. O-O
Nc6 10. h3 b5 11. Rc1 Na5 12. b3 Bb7 13. a4 b4 14. Na2 Nc6 15. Ne5 Nxe5
16. Bxe5 a5 17. Qe2 Ne8 18. Bh2 Nd6 19. Rc5 {Najdorf,M-Cardoso,R/Manila 1973})
8... O-O 9. h3 Bd7 {Opcao pouco natural de Segal.} (9... Nc6 10. O-O Bf5 (
10... b5 {!?}) 11. Rc1 Rc8 12. Na4 Ne4 13. Qb3) 10. O-O Bc6 11. Ne5 Nbd7
12. Nxc6 bxc6 13. Na4 {Com clara vantagem branca.} 13... Qa5 14. Rc1 Rfc8
15. a3
{Hesitei um pouco para efetuar esta jogada, pois me pareceu que num final eu teria problemas com as casas b2 ou b3, e quando eu jogasse b4, entao a5 das pretas seria incomodo. O lance 15. a3 nao e ruim , mas pensei bastante em 15.Dc2.} (
15. Qc2 Ne4 16. Bd3 Nd6 17. a3 e5 18. Bxe5 Nxe5 19. dxe5 Bxe5 20. Rfd1
{e possivelmente as brancas tenham uma leve vantagem.}) 15... Ne8 (15... c5 {?}
16. dxc5 Nxc5 17. Rxc5 Rxc5 18. b4) (15... Qd8 {!?}) 16. Nc5 Nxc5 17. Rxc5 Qb6
18. Qc2 Bf8 {Boa defesa.} 19. Rc3 Nd6 20. Rc1 (
{Vi a seguinte variante, mas preferi passar o controle do lance 23, pois bispos de cores opostas poderiam oferecer dura resistencia.} 
20. Bxd6 exd6 21. Bf3 Rab8 22. b4 a5 23. Bxd5 axb4 24. axb4 Qxb4 25. Rxc6)
20... Nb7 21. Rb3 Qa7 22. Rc3 Nd8 {Segal a la Segal.} 23. h4 e6 24. h5 Qd7
{Segal Busca Trocar o incomodo Bf4, que desde a abertura perturba o jogo preto e ainda pretende liberar seu jogo com e5.}
25. Bd3 ({Era hora de jogar} 25. b4 Bd6 (25... a5 26. b5) 26. Bxd6 Qxd6 27. Rc5)
25... Ra7 26. g3 {Lance feio, mas que possibilita utilizar a coluna "H".} (
26. b4) (26. Bg5 Be7 27. Bxe7 Qxe7 28. b4 e5 29. dxe5 ({Ou} 29. hxg6 hxg6
30. Bxg6 fxg6 31. Qxg6+ Qg7 32. Qe8+ Qf8 33. Qxe5) 29... Qxe5 30. hxg6 hxg6
31. Rc5 {seguido de e4.}) 26... Bd6 27. Bxd6 Qxd6 28. f4
{A vantagem branca diminui com este lance, que expoe o Rei.} 28... Rb8 29. Rb3
Rxb3 30. Qxb3 a5 31. Qa4 Qb8 32. Rc2 (32. b3 {encerraria a propria dama!})
32... Kg7 {E as pretas propoe empate.} 33. Rh2 Qb6 34. Qc2 (34. g4 {!?})
34... Rb7 35. Bf1
{E aqui propus empate. Obviamente existe ainda muito jogo, mas a ruptura c5 e a entrada do Cd8 em jogo me preocupava. Para as brancas seguirem o ataque com precisao era necessario mais tempo no relogio.}
1/2-1/2

[Event "Sao Jose do Rio Preto"]
[Site "CXC"]
[Date "2002.01.25"]
[Round "2"]
[White "Disconzi da Silva, Rodrigo"]
[Black "Lima, Diniz"]
[Result "1-0"]
[WhiteElo "2415"]
[BlackElo "2103"]
[EventDate "2002.??.??"]
[PlyCount "59"]

1. Nf3 c5 2. c4 Nc6 3. e3 Nf6 4. d4 cxd4 5. exd4 d5 6. Nc3 e6 7. a3
{7.a3 nao e o mais exato da posicao, pois as brancas acabam movendo seu Bf1 2 vezes: Bd3 e Bxc4, chegndo a identica posucao que se alcanca no Gambito da Dama aceito (no qual o Bispo chega a c4 em um so lance).} (
7. cxd5 Nxd5 8. Bd3) (7. Bg5) 7... Be7 8. Bd3 dxc4 9. Bxc4 O-O 10. O-O Qc7
{Certamente e muito cedo para definir a casa da dama. Em c7 ela se expoe a golpes na Coluna C , Cb5 e Bg5-h4-g3.} (
10... b6) (10... a6) 11. Qe2 b6 (11... Rd8 {!?}) 12. Bg5 Bb7 13. Rfe1
{Aqui surge a eterna duvida de qual torre em que casa? Acredito que neste caso o mais indicado e nas colunas E e D para promover o avanco do Pd4 a d5.}
13... Rad8 14. Rad1 Na5 15. Bd3 ({Era mais preciso} 15. Ba2 Nd5 (15... h6
16. Bh4) 16. Nb5 Qd7 17. Ne5 Qe8 18. Bxd5 Bxg5 19. Bxb7 Nxb7 20. Nxa7) 15... h6 (
15... Nb3 {!?}) ({Critico era} 15... Nd5 16. Qe4 Nf6 17. Qh4 h6 18. Bxh6 gxh6 (
18... Bxf3 19. Bg5) 19. Qxh6) 16. Bh4 Nb3 17. Nb5 Qf4 ({Parece melhor} 
17... Qd7) 18. Bg3 Qg4 19. Qc2 Bd5 (19... Na5 20. Ne5) 20. h3 Qh5 21. Re5 g5
22. Rxd5 Rxd5 23. Qxb3 g4 24. hxg4 Nxg4 25. Nc7 Rd6 26. Qb5 (26. Bxd6 Bxd6
27. Qb5 Bh2+ 28. Kf1 {Tambem ganha.}) 26... f5 (26... Qxb5 27. Bxb5 Rdd8 28. d5)
27. Nxe6 Rxe6 28. Bc4 Kg7 29. Bxe6 Qg6 30. Qd7 1-0

[Event "Sao Jose do Rio Preto"]
[Site "CXC"]
[Date "2002.01.25"]
[Round "3"]
[White "El Debs, Felipe"]
[Black "Disconzi da Silva, Rodrigo"]
[Result "0-1"]
[WhiteElo "2264"]
[BlackElo "2415"]
[EventDate "2002.??.??"]
[PlyCount "72"]

1. e4 c5 2. Nf3 d6 3. d4 cxd4 4. Qxd4 Nc6 5. Bb5 e5
{Lance curioso, que venho utilizando com certa frequencia e com bons resultados. Esta variante e similar a 1.e4 c5 2.Cf3 d6 3.Bb5 Cd7 4.d4 cd4 5.Dd4 e5 . A diferenca do Cavalo em c6 parece favorecer as pretas.}
6. Qe3 {?!} ({Certamente era melhor} 6. Qd3 h6 7. O-O Nf6 8. Nc3) 6... Nf6
7. O-O Be7 8. Rd1 Qc7 9. c3 (9. Nc3 O-O 10. Nd5 {?} 10... Nxd5 11. exd5 Nb4) (
9. c4 {!?} 9... O-O 10. b3 Bg4 11. Bb2) 9... O-O 10. a4
{Para desenvolver com Cb1-a3 e ganhando espaco no flanco dama, mas debilitando b3.}
10... Na5 11. Nbd2 a6 12. Bf1 Be6 13. b4
{Sempre que o adversario a avancar seus peoes ,devemos ter cuidado para que estes peoes nao se tornem uma arma contra nos memsmos...}
13... Nb3 14. Nxb3 Bxb3 15. Rd2 Be6 ({Me parecia mais critico} 15... Qc6 16. c4
Bxa4 {mas tive receio de me envolver em confusoes talvez desnecessarias}
17. Rda2 Bd1 18. Nd2 Bg4 19. b5) 16. Bb2 Rfc8 17. c4
{Estrategicamente falando, nao pode ser bom este c4.} 17... a5 18. bxa5 (18. b5
Nd7 {deixa o branco com mais chances de segurar a posicao.}) 18... Rxa5 19. Bc3
Rc5 20. Bb4 Rc6 21. c5 {Intererssante tentativa de complicar a partida.}
21... dxc5 ({Era de se considerar} 21... d5 22. Bb5 (22. exd5 Nxd5 23. Qa3 Nxb4
24. Qxb4 Rxc5) 22... Rxc5 23. Bxc5 Bxc5 24. Qe1 (24. Qe2 Nxe4) 24... Bb4)
22. Bc3 Ng4 23. Qe1 f6 24. Rb2 c4 25. h3 Nh6 26. Rab1 b6
{Avariante que segue e meio forcada e me pareceu vencedora} (
{Era mais conservador} 26... Rb8) 27. a5 Bc5 28. Nd2 Bd4 29. Bxd4 exd4 30. axb6
Qb7 31. Nf3 c3 ({Eu nao conseguia ver muita defesa contra} 31... Rd8
{mas o lance do texto me pareceu mais direto.}) 32. Rb4 c2 33. Rc1 Rxb6
{Mas aqui comecei a achar que 31...Td8 seria melhor, quando vi que ele poderia jogar sem retomar em d4 com 34.Txb6.}
34. Rxd4 (34. Rxb6 Qxb6 35. Bd3 Qb2 36. Qd2 Bb3 37. Ne1 Nf7 38. f3
{e as brancas se sustentam num forte bloqueio, apesar do peao a menos.})
34... Rb1 35. Bd3 ({Tambem deveria perder} 35. Nd2 Rxc1 (35... Qb2 {?} 36. Rxc2)
36. Qxc1 Nf7 37. Be2 Ne5 {mas era a melhor opcao branca.}) 35... Rxc1 36. Qxc1
Qb1 0-1

[Event "2001/2002 World Chess Cha"]
[Site "CXC"]
[Date "2001.11.28"]
[Round "1"]
[White "Vescovi, Giovanni"]
[Black "Gulko, Boris F"]
[Result "1-0"]
[WhiteElo "2585"]
[BlackElo "2602"]
[EventDate "2001.??.??"]
[PlyCount "83"]

1. e4 c5 2. Nf3 d6 3. Bb5+
{Giovanni tem utilizado com certa regularidade esta variante, que se adapta ao seu estilo de buscar lutas mais francas em posicoes menos exploradas pela teoria.}
3... Bd7 4. Bxd7+ Qxd7 5. c4
{Para controlar d5 e ganhar espaco. Debilita momentaneamente a casa d4, mas as brancas conseguem jogar Pd4 resolvendo qualquer problema com a casa. Se as pretas tentarem 5... e5 estarao cedendo a casa d5 tambem, mas com uma grande desvantagem: dos bispos que restam no tabuleiro, o das brancas e mais ameacador. E preciso notar que este lance envolve um gambito de peao.}
5... Nf6 (
{As pretas poderiam ganhar um peao, mas seria arriscado atrasar-se no desenvolvimento das outras pecas. Jogando assim, um dia a casa cai... Nos exemplos a seguir, mal sobrou o telhado para contar o que houve...} 
5... Qg4 6. O-O Qxe4 7. d4 cxd4 8. Re1 (8. Nxd4 e5 (8... Nf6 9. Nc3 Qg4
10. Qa4+ Qd7 11. Ndb5 Nc6 12. Bg5 a6 13. Nd5 Rc8 14. Nb6 Qg4 15. Nxc8 Qxg5
16. Nba7 Qa5 17. Qxa5 Nxa5 18. Rfc1 {etc...1-0 Hort,V-Rajkovic,D/Sarajevo 1972})
9. Re1 Qh4 10. Nc3 Qd8 11. Ne4 Nf6 12. Bg5 Be7 13. Nf5 Nxe4 14. Nxg7+ Kd7
15. Bxe7 Qxe7 16. Rxe4 Qf6 17. Nh5 Qf5 18. c5
{etc.1-0 Velicka,P-Trichkov,V/CZE 1997}) 8... Qc6 (8... Qg4 9. h3 Qd7 10. Nxd4
e6 11. Nc3 Nf6 12. Bg5 Nc6 13. Ndb5 a6 14. Bxf6 axb5 (14... gxf6 15. Nd5)
15. Nd5 {etc...1-0 Liiva,R-Stephan,A/Dresden 1994}) 9. Nxd4 Qxc4 10. Na3 Qc8
11. Bf4 Qd7 12. Nab5 e5 13. Bxe5 dxe5 14. Rxe5+ Be7 15. Rd5 Qc8 16. Nf5 Kf8
17. Nxe7 Kxe7 18. Re5+ {1-0 Browne,W-Quinteros,M/Wijk aan Zee 1974}) 6. Nc3 Nc6 (
{Agora seria pior ainda} 6... Qg4 7. O-O Nxe4 {devido a} 8. Qb3 Nxc3 9. Qxb7
Ne2+ 10. Kh1 Nf4 11. Ne1) 7. d4 ({Talvez fosse mais exato} 7. O-O
{para evitar uma possivel simplificacao que as pretas poderiam aceitar.})
7... cxd4 8. Nxd4 g6 ({Simplificaria a partida} 8... Qg4 9. O-O (9. Qxg4 Nxg4
10. Nxc6 bxc6 11. Bf4 g5 12. Bxg5 Ne5 13. b3 Rg8 14. Bh4 Rg4 15. Bg3 Bg7
16. Kd2 Ng6 17. Rae1 h5 {- Rytshagov,M-Veingold,A/Tampere 1999}) 9... Qxd1
10. Rxd1 Nxd4 11. Rxd4 {- Kramnik,V-Gelfand,B/Ljubljana 1995}) 9. Nde2
{As brancas jogar 0-0 sem gastar um tempo retrocedendo o cavalo, mas tambem e interessante este plano, pois evita simplificacoes, ressaltando assim a vantagem de espaco das brancas. Outro beneficio e a protecao extra ao Cavalo de c3, que pode ficar exposto (Bg7 x c3, ou Da5) apos o lance b3 (para defender c4).} (
{Este e um exemplo como as pretas podem jogar:} 9. f3 Nxd4 10. Qxd4 Bg7 11. Be3
O-O 12. Qd3 Qd8 13. O-O Qa5 14. Bd4 Rac8 15. b3 Rfe8 16. Rac1 a6 17. a4 Qb4
18. Rb1 Nd7 19. Bxg7 {- Arkhipov,S-Ionov,S/Elista 1994/CBM 44 (19)}) 9... Bg7
10. f3 ({Se} 10. O-O Qe6 11. Nd5 Qxe4 12. Nc7+ Kd7 13. Nxa8 Qxc4
{com grande confusao, na partida Kasparov-Resto do Mundo, jogada na Internet.})
10... O-O 11. O-O Qd8
{Gulko manobra para ativar sua Dama pelas casas pretas, como ja havia feito antes em outra partida. Giovanni provavelmente ja sabia disto e deve ter preparado alguma melhora no plano branco.} (
{O plano mais utilizidao aqui inicia com:} 11... a6 12. a4 Qd8 13. Be3 Qa5
14. Rc1 Nd7 15. b3 Nc5 16. Na2 Rac8 17. Rb1 b5 $1 18. cxb5 axb5 19. axb5 Qxb5
20. Nac3 Qd3 $1 {- Kramnik,V-Gelfand,B/Sanghi Nagar 1994}) (
{Ou ainda como jogou Rafael Leitao:} 11... Rfc8 12. Kh1 a6 13. a4 Qd8 14. b3
Nd7 15. Rb1 Nc5 16. Bg5 Nb4 17. Qd2 Rab8 18. Nc1 Qf8
{Van den Doel,E-Leitao,R/Wijk aan Zee 1999}) 12. Be3 Rc8 13. b3 (
{No Campeonato Mundial do ano passado, Gulko havia jogado a mesma variante:} 
13. Qd2 a6 14. Rad1 Qa5 15. b3 b5 16. Nd5 Qxd2 17. Rxd2 bxc4 18. Nb6 Rb8
19. Rc1 Ne5 20. Nxc4 Nxc4 21. Rxc4 Rfc8 22. Rdc2 Rxc4 23. Rxc4 d5
{etc... - Bezgodov,A-Gulko,B/FIDE WCh KO, New Delhi ITA 2000}) 13... Qa5
14. Qd2 a6 15. a4 {Este lance e melhor que 15.Tad1 jogado por Bezgodov.}
15... Rfd8 {Para permitir e6 e possibilitar a ruptura d5.} (
{Agora parece tarde para manobrar com} 15... Nd7 16. Rab1 {!} 16... Nc5 {?}
17. b4 Nxb4 18. Nd5) 16. Rab1
{! Com este lance as brancas reprimem o contrajogo preto neste flanco.}
16... e6 17. Rfd1 ({Nao parece bom} 17. b4 Qc7 18. a5 Ne5
{e a casa c4 danca na parada...}) 17... Qc7 (
{Outra forma possivel e bloquear com a Dama} 17... Qb4 18. Nd4 Nd7
{com equilibr io, mas e preciso ter sangue frio para suportar a situacao na qual a Dama age como bloqueadora.})
18. Bg5
{Atrapalhando os planos de ruptura d5, descoordenando o jogo preto por alguns instantes e criando uma passagem para a Dama ao flanco do Rei preto via f4.}
18... Rd7 19. Kh1
{Ja esta chegando o momento critico da partida, onde ambos os lados tem dificuldades em encontrar lances uteis ou planos definidos.}
19... Ne5 20. Qf4 Ne8 21. Qh4
{Agora, com a casa g4 controlada, surge um tema: f4-f5, mas somente num momento adequado, pois as brancas podriam ceder a casa e5.}
21... Qc5
{A Dama preta entra em jogo e expoe-se sem problemas, pois a Dama e bispos das brancas nao mais coordenam para jogar Be3.}
22. Bh6 ({Se} 22. Nd4 Nxf3 23. Nxf3 Bxc3) 22... Nf6 (
{Parece arriscado deixar o Rei "afogado" com:} 22... Bh8 23. f4 Nc6 24. Rd3
{seguido de Th3.} ({Ou} 24. e5 Qe3 25. Rf1 {!} 25... dxe5 {?} 26. f5 Qb6
27. fxe6)) 23. Bg5 Ne8 24. Qg3 h6
{Este lance pode ser a causa da derrota preta, pois debilita tanto g6 como h6. O problema e que e dificil engolir este bispo em g5, provocando as pretas para uma boa briga....}
25. Bc1 Nf6 26. f4
{Muitas vezes este e o lance que as pretas ate torcem para qua as brancas joguem, para que o peao de e4 fique fraco e a posicao branca desmorone. Mas cada caso tem suas peculiaridades.}
26... Nc6 (26... Neg4 27. Rf1 Qh5 28. h3 Rdd8 29. f5) 27. Be3 Qa5 28. Qh3
{Giovanni segue aporrinhando o Rei preto: agora existe a debilidade em h6.Alem disso, a Dama fica no raio-x das torres, evitando assim a ruptura d5 novamente.}
28... Rdd8 ({Tentar simplificar seria um grave erro:} 28... Qh5 29. Qxh5 Nxh5
30. e5 Bf8 31. g4 Ng7 32. Ne4) 29. Bg1
{E agora Jose? Como e que o comentarista vai explicar este lance para a assistencia? Talvez a possibilidade De3-b6. Talvez Giovanni resguarde este Bispo de poss'veis temas taticos apos a abertura da posicao.}
29... Qc7 30. f5
{Agora que a Dama preta deixou a quinta fila, Elvis diria: Its now or never!}
30... exf5 (30... Qe7 31. fxe6 fxe6 32. Nf4 Kf7 33. Bb6 Re8 34. Rf1) 31. exf5
g5
{O Flanco rei fica bloqueado, mas a estrutura preta e precaria e o Bg7 trancafiado.}
32. Ng3 {Ameacando Ce4.} 32... Re8 (32... Qa5 33. Nge4 Nxe4 34. Nxe4 Qc7 35. f6)
33. Nd5 Nxd5 34. Rxd5 Qe7 (34... Ne7 35. Rd2 {ameacando f6.}) 35. Rbd1 Rcd8
36. Bb6 Nb4 (36... Rd7 37. f6 Bxf6 38. Ne4 {!} 38... Be5 39. Qxh6) 37. R5d2 (
{Poderia ter aceitado a qualidade:} 37. Bxd8 Qxd8 (37... Qe1+ 38. Nf1) 38. R5d2
{mas a variante jogada e mais contundente.} (38. Rxd6 Qxd6)) 37... Rd7 38. f6
{!} 38... Bxf6 39. Re2 Be5 40. Rxe5 dxe5 41. Rxd7 Qf6 42. Qf5 1-0